|
|
|
|
| LEADER |
00000nab a2200000 a 4500 |
| 001 |
vtls010305567 |
| 003 |
SK-MaSNL |
| 005 |
20260304234201.0 |
| 008 |
140527c2004 xo r m 000 00slo |
| 015 |
|
|
|a SNBRA2011/09SVKPO
|
| 038 |
|
|
|a SVKPO
|
| 040 |
|
|
|a SVKPOCL
|b slo
|c SVKPOCL
|e AACR2
|
| 041 |
0 |
|
|a slo
|
| 044 |
|
|
|a xo
|c SK
|
| 080 |
|
|
|a 165.745
|2 2001
|
| 080 |
|
|
|a 17.021.1
|2 2001
|
| 080 |
|
|
|a 141.132
|2 2001
|
| 080 |
|
|
|a 159.9
|2 2001
|
| 100 |
1 |
|
|a Hrehová, Helena,
|d 1950-
|4 aut
|9 113428
|
| 245 |
1 |
0 |
|a Zmysel života a filozofický problém ľudského konania v blondelovskom štýle
|c Helena Hrehová
|
| 504 |
|
|
|a Bibliogr. odkazy
|
| 546 |
|
|
|a Res. angl.
|
| 600 |
1 |
7 |
|a Blondel, Maurice,
|d 1861-1949
|2 svkpocl
|9 1570601
|
| 650 |
0 |
7 |
|a filozofia života
|2 svkpocl
|9 13647
|
| 650 |
0 |
7 |
|a zmysel života
|x filozofické aspekty
|2 svkpocl
|9 489257
|
| 650 |
0 |
7 |
|a ľudské konanie
|2 svkpocl
|9 336037
|
| 650 |
0 |
7 |
|a filozofické smery
|2 svkpocl
|9 4355
|
| 773 |
0 |
|
|t Filozofia a život - život filozofie : zborník príspevkov z vedeckej konferencie s medzinárodnou účasťou konanej v rámci 6. výročného stretnutia SFZ v dňoch 16.-18. septembra 2004 v Prešove / [editor: Eugen Andreanský]
|d [Bratislava] : Iris, [2004]
|g S. 56-62
|z 8089018785
|
| 852 |
|
|
|a SVKPO
|b KIS3GCP
|
| 958 |
|
|
|a SK
|
| 958 |
|
|
|a NB
|
| 999 |
|
|
|c 3202509
|d 3204439
|